000 00771nam a22001937a 4500
999 _c196459
_d196459
005 20230704114755.0
010 _aB-754961-983 CHHN 25.5.23
020 _a9788123723419
_c60.00
035 _aB-754961-983
037 _bNational Book Trust India
082 _aS
100 _aSaikia, Bhabendranath
245 _aDear Father/
_cBhabendranath Saikia
260 _aNew Delhi
_bNational Book Trust India
_c2021
270 _aNehru Bhawan, 5 Institutional Area, Phase-II Vasant Kunj,
_bNew Delhi
_e110070
300 _a112p.
_c21cm.(pbk)
942 _2ddc
_cCH
_mSAI
_hS